000 00558cam a2200205 4500
001 B789
008 090401t1987 xxu||||| |||| 00| 0 eng d
035 _a(Sirsi) u37899
041 _aeng
050 _a346.4103
100 _aCapper, Phillip
245 _aLatent Damage Act 1986 :the impact on the professions and the construction industry
260 _aLondon
_bLegal Studies and Services Ltd
_c1987
300 _av.111,(19)p. ; 30cm.
350 _a28.5
650 _aBUILDING INDUSTRY
650 _aNEGLIGENCE
942 _n0
948 _c04/03/1997
999 _c90572
_d90572